000 01553nam a2200445 i 4500
001 51289
003 KOSZ 005
005 20200211135611.0
008 060215s2005 pl a f |001 0 pol
015 _aPB 2006/3944
020 _a837361995X
035 _a991029590889705066
035 _a(PL-WaBN)b17990944-48omnis_nlop
035 _ab17990944
035 _a(OCoLC)830759605
035 _a(PL)b0000001799094
035 _a(EXLNZ-48OMNIS_NETWORK)9910321375505606
040 _aWA N
_cWA N
_dKOSZ 005/HR
080 _a004.7
080 _a(07)
100 1 _aKrysiak, Karol
_eAutor
245 1 0 _aSieci komputerowe :
_bkompendium : kompletne omówienie zagadnień sieci komputerowych : topologie i nośniki, sieci bezprzewodowe, usługi sieciowe i protokoły, administrowanie siecią, bezpieczeństwo w sieciach /
_cKarol Krysiak.
250 _aWyd. 2.
260 _aGliwice :
_bWydawnictwo Helion,
_ccop. 2005.
300 _a567 s. :
_bil. ;
_c24 cm.
336 _2rdacontent
_aTekst
_btxt
337 _2rdamedia
_aBez urządzeniapośredniczącego
_bn
338 _2rdacarrier
_aWolumin
_bnc
380 _aKsiążki
380 _aPublikacje fachowe
388 _a2001-
504 _aIndeks.
650 7 _aSieć komputerowa
_2DBN
655 7 _aPodręcznik
_2DBN
658 _aInformatyka i technologie informacyjne
710 2 _aHelion
_4pbl
856 _uhttp://koha.tu.koszalin.pl/cgi-bin/koha/opac-detail.pl?biblionumber=51289
_yKatalog online BPK
942 _2UKD
_cKS
999 _c51289
_d51289